| 000 | 00884cam a2200205 4500 | ||
|---|---|---|---|
| 001 | WB3643-25 | ||
| 008 | 000000n2000 000 0 eng u | ||
| 035 | _a(Sirsi) u109119 | ||
| 245 | _aLandlord and tenant: Break clause | ||
| 260 | _c2000 | ||
| 490 |
_aEstates Gazette Case Summaries _v[2000]EGCS 114 (28/10/00) |
||
| 520 | _a"Johnsons of London Ltd v Protec Trust Management" ChD 18 October 2000. The claimant tenant held a business lease with a break clause. The landlord considered that the tenant was not entitled to invoke the clause as no new rent had been determined and the landlord was electing not to initiate a rent review. "Held", tenant's application dismissed. | ||
| 590 | _aWB | ||
| 650 | _aBUSINESS LEASES | ||
| 650 | _aBREAK CLAUSE | ||
| 650 | _aRENT REVIEWS | ||
| 650 | _aJOHNSONS OF LONDON LTD V PROTEC TRUST MANAGEMENT | ||
| 690 | _aLAW | ||
| 942 | _n0 | ||
| 999 |
_c65153 _d65153 |
||